000 00291nam a2200121 i 4500
001 bg
245 0 _aKonferencja Naukowa na temat automatyzacji projektowania.
260 _aBiaƂystok,
_c1978.
040 _cBPK
041 _apol
942 _cKS
008 s pl f |000 0 pol
999 _c17819
_d17819
856 _uhttp://koha.tu.koszalin.pl/cgi-bin/koha/opac-detail.pl?biblionumber=17819
_yKatalog online BPK